000 00566cam a22001457a 4500
008 180718b1989 xxu||||| |||| 00| 0 eng d
082 _aR6:BA27x5413 In2R
245 _aReport on socio-economic conditions of scheduled tribe labour at Rourkela (1987)
_cby Shram Bureau, Shram Mantralaya
260 _aDelhi
_bThe Controller of Publications
_c1989
300 _a170+p.
650 _aWork environment - India - Bihar - Rourkela
650 _aRourkela - Scheduled tribes
650 _aLabour - India - Bihar - Rourkela
700 _aIndia. Shram Mantralaya. Shram Bureau
999 _c481173
_d481173